000
00335nam a22001577a 4500
003
SGT
020
_a
9789389309287
082
_a
615
_b
N21D
100
_a
DAMS
245
_a
NEXT GENERATION CONCEPT BOOK PHARMACOLOGY
250
_a
1ST
260
_a
INDIA
_b
DAMS
_c
2021
300
_a
351
650
_a
PHARMACOLOGY
942
_2
ddc
_c
BK
999
_c
26838
_d
26838